Statistics for French Ligue 1 Clubs by Badges

Click here to take the quiz!

General Stats

  • This quiz has been taken 25 times
  • The average score is 17 of 20

Answer Stats

Answer % Correct
Monaco
100%
Lille
100%
Nice
100%
Paris Saint-Germain
94%
Rennes
94%
Lens
94%
Saint-Étienne
94%
Bordeaux
88%
Strasbourg
88%
Angers
88%
Marseille
88%
Lorient
88%
Montpellier
82%
Lyon
82%
Dijon
76%
Metz
76%
Brest
71%
Nantes
65%
Nîmes
65%
Reims
41%

Score Distribution

Percentile by Number Answered

Percent of People with Each Score

Your Score History

You have not taken this quiz